[Event "GER-chT U20 Girls"]
[White "Ulrich, Helena Irene"]
[Black "Sickmann, Lisa"]
[Site "Willingen"]
[Round "7.7"]
[Result "1-0"]
[Date "2021.06.27"]
[WhiteElo "1586"]
[BlackElo "1510"]
[PlyCount "133"]
[EventDate "2021.06.23"]
[EventType "team-swiss"]
[EventRounds "7"]
[EventCountry "GER"]
[SourceTitle "CBM 203 Extra"]
[Source "ChessBase"]
[SourceDate "2021.09.30"]
[SourceVersion "1"]
[SourceVersionDate "2021.09.30"]
[SourceQuality "1"]
[WhiteTeam "Lichtenberg Borussia"]
[BlackTeam "Luebeck"]
[WhiteTeamCountry "GER"]
[BlackTeamCountry "GER"]

1. e4 e5 2. Nf3 Nc6 3. d4 exd4 4. Nxd4 Nf6 5. Nxc6 bxc6 6. e5 Qe7 7. Qe2 Nd5 8. c4 Nb6 9. b3 Qe6 10. Bb2 Bb4+ 11. Nd2 Ba6 12. a3 Be7 13. g3 0-0 14. Bg2 Rfe8 15. Ne4 Bf8 16. Qe3 h6 17. 0-0 Rab8 18. Bc3 d5 19. exd6 cxd6 20. Rfe1 Qg6 21. Qd4 d5 22. cxd5 cxd5 23. Nc5 Bxc5 24. Qxc5 Qc2 25. Qd4 Qg6 26. Bxd5 Red8 27. Be4 Rxd4 28. Bxg6 Rdd8 29. Be4 Nd5 30. Ba5 Rd7 31. Rad1 Nf6 32. Rxd7 Nxd7 33. Bb4 Nf6 34. Bf3 Rd8 35. Re7 Rd3 36. Rxa7 Rxf3 37. Rxa6 Rxb3 38. Ra8+ Kh7 39. Rd8 Ne4 40. Re8 Nc3 41. Bxc3 Rxc3 42. Re3 Rc2 43. a4 Ra2 44. Re4 Kg6 45. Rf4 f6 46. Kg2 Kf7 47. Rc4 Ke6 48. Rc6+ Kd7 49. Ra6 Kc8 50. Ra8+ Kb7 51. Rg8 g5 52. Rg6 Rxa4 53. Rxf6 h5 54. Rf5 h4 55. Rxg5 hxg3 56. hxg3 Kc6 57. Re5 Kd6 58. f4 Ra7 59. g4 Rg7 60. g5 Rf7 61. Kg3 Rg7 62. Kg4 Rh7 63. g6 Rg7 64. Kg3 Rg8 65. Re2 Rf8 66. f5 Rg8 67. f6 1-0

[Event "GER-chT U20 Girls"]
[White "Doll, Rebecca"]
[Black "Ulrich, Helena Irene"]
[Site "Willingen"]
[Round "3.4"]
[Result "1-0"]
[Date "2021.06.25"]
[WhiteElo "1762"]
[BlackElo "1586"]
[PlyCount "61"]
[EventDate "2021.06.23"]
[EventType "team-swiss"]
[EventRounds "7"]
[EventCountry "GER"]
[SourceTitle "CBM 203 Extra"]
[Source "ChessBase"]
[SourceDate "2021.09.30"]
[SourceVersion "1"]
[SourceVersionDate "2021.09.30"]
[SourceQuality "1"]
[WhiteTeam "Baden-Baden"]
[BlackTeam "Lichtenberg Borussia"]
[WhiteTeamCountry "GER"]
[BlackTeamCountry "GER"]

1. e4 c5 2. Nf3 Nc6 3. d4 cxd4 4. Nxd4 Nf6 5. Nc3 e5 6. Ndb5 d6 7. Bg5 a6 8. Na3 b5 9. Nd5 Be7 10. Bxf6 Bxf6 11. c4 0-0 12. cxb5 Nd4 13. bxa6 Bxa6 14. Bxa6 Qa5+ 15. b4 Qxa3 16. Bd3 Bg5 17. 0-0 Rab8 18. Bc4 Rfc8 19. Qd3 Qa4 20. f4 Qc2 21. Rac1 Qxd3 22. Bxd3 Bd8 23. fxe5 dxe5 24. Rxc8 Rxc8 25. Rb1 g6 26. a4 f5 27. Kf2 Kf7 28. a5 Ke6 29. a6 Ra8 30. b5 Kd6 31. b6 1-0

[Event "GER-chT U20 Girls"]
[White "Ulrich, Helena Irene"]
[Black "Stelter, Finja"]
[Site "Willingen"]
[Round "4.7"]
[Result "1-0"]
[Date "2021.06.25"]
[WhiteElo "1586"]
[BlackElo "1133"]
[PlyCount "53"]
[EventDate "2021.06.23"]
[EventType "team-swiss"]
[EventRounds "7"]
[EventCountry "GER"]
[SourceTitle "CBM 203 Extra"]
[Source "ChessBase"]
[SourceDate "2021.09.30"]
[SourceVersion "1"]
[SourceVersionDate "2021.09.30"]
[SourceQuality "1"]
[WhiteTeam "Lichtenberg Borussia"]
[BlackTeam "Lehrte"]
[WhiteTeamCountry "GER"]
[BlackTeamCountry "GER"]

1. e4 c5 2. Nf3 Nc6 3. d4 cxd4 4. Nxd4 g6 5. c4 Bg7 6. Be3 Nf6 7. Nc3 0-0 8. Be2 d6 9. 0-0 Nxd4 10. Bxd4 Be6 11. Qd2 Nd7 12. Be3 a5 13. b3 Nc5 14. f3 Qb6 15. Rab1 Qb4 16. Nd5 Bxd5 17. Qxd5 Rfd8 18. Rfd1 Qb6 19. a3 Qc6 20. Rdc1 Qxd5 21. cxd5 Rdc8 22. Rc2 a4 23. bxa4 Rxa4 24. Rxb7 Nxb7 25. Rxc8+ Bf8 26. Bh6 Rxa3 27. Rxf8# 1-0

[Event "GER-ch U14 Girls"]
[White "Ulrich, Helena Irene"]
[Black "Voigt, Anastasia"]
[Site "Willingen"]
[Round "4"]
[Result "0-1"]
[Date "2020.10.22"]
[WhiteElo "1610"]
[BlackElo "1562"]
[PlyCount "62"]
[EventDate "2020.10.19"]
[EventType "swiss"]
[EventRounds "7"]
[EventCountry "GER"]
[SourceTitle "EXT 2022"]
[Source "ChessBase"]
[SourceDate "2021.10.06"]
[SourceVersion "1"]
[SourceVersionDate "2021.10.06"]
[SourceQuality "1"]

1. e4 e5 2. Nf3 Nc6 3. Bb5 a6 4. Ba4 Nf6 5. 0-0 b5 6. Bb3 Be7 7. Re1 0-0 8. c3 d6 9. h3 Na5 10. Bc2 c5 11. d4 Qc7 12. d5 Bd7 13. b3 Nb7 14. c4 a5 15. a4 b4 16. Nbd2 g6 17. Nf1 Nh5 18. N1h2 Ng7 19. g4 Qc8 20. Nd2 f5 21. f3 fxg4 22. fxg4 h5 23. Rf1 hxg4 24. hxg4 Bg5 25. Rxf8+ Qxf8 26. Qf3 Bf4 27. Bd1 Qf6 28. Ndf1 Rf8 29. Qg2 Qh4 30. Be3 Bxh2+ 31. Qxh2 Rxf1+ 0-1

[Event "GER-ch U14 Girls"]
[White "Ulrich, Helena Irene"]
[Black "Sinner, Joselyne"]
[Site "Willingen"]
[Round "2"]
[Result "1-0"]
[Date "2020.10.21"]
[WhiteElo "1610"]
[BlackElo "1414"]
[PlyCount "59"]
[EventDate "2020.10.19"]
[EventType "swiss"]
[EventRounds "7"]
[EventCountry "GER"]
[SourceTitle "EXT 2022"]
[Source "ChessBase"]
[SourceDate "2021.10.06"]
[SourceVersion "1"]
[SourceVersionDate "2021.10.06"]
[SourceQuality "1"]

1. e4 e5 2. Nf3 Nc6 3. d4 exd4 4. Nxd4 Bc5 5. Be3 Qf6 6. c3 Nge7 7. Bc4 Ne5 8. Be2 Qg6 9. 0-0 d6 10. Nd2 Bh3 11. Bf3 0-0 12. Kh1 Bg4 13. Be2 Bxe2 14. Qxe2 Bb6 15. f4 Ng4 16. f5 Qh5 17. h3 Nf6 18. Qe1 Nc6 19. Qg3 Ne5 20. Nc2 Nfg4 21. Bxb6 axb6 22. Rf4 Nf6 23. Nd4 h6 24. N4f3 Neg4 25. Kg1 g5 26. fxg6 fxg6 27. hxg4 Qc5+ 28. Nd4 Rae8 29. Raf1 Qe5 30. Qf3 1-0

[Event "GER-ch U14 Girls"]
[White "Zhou, Lepu Coco"]
[Black "Ulrich, Helena Irene"]
[Site "Willingen"]
[Round "1"]
[Result "1-0"]
[Date "2020.10.20"]
[WhiteElo "1872"]
[BlackElo "1610"]
[PlyCount "109"]
[EventDate "2020.10.19"]
[EventType "swiss"]
[EventRounds "7"]
[EventCountry "GER"]
[SourceTitle "EXT 2022"]
[Source "ChessBase"]
[SourceDate "2021.10.06"]
[SourceVersion "1"]
[SourceVersionDate "2021.10.06"]
[SourceQuality "1"]

1. e4 c5 2. Nf3 Nc6 3. c4 e6 4. Nc3 d6 5. d4 cxd4 6. Nxd4 Nf6 7. Be3 Be7 8. Be2 0-0 9. 0-0 Bd7 10. Rc1 Nxd4 11. Bxd4 Bc6 12. f3 a5 13. b3 Qc7 14. Nd5 Qd8 15. Bb6 Qd7 16. Nxe7+ Qxe7 17. Qd2 a4 18. b4 Rfc8 19. Rfd1 d5 20. b5 Be8 21. cxd5 exd5 22. exd5 Nxd5 23. Bd4 Nc7 24. b6 Ne6 25. Bf2 Rxc1 26. Rxc1 Rd8 27. Qe3 Qg5 28. Qxg5 Nxg5 29. Be3 Ne6 30. f4 h6 31. f5 Nd4 32. Bxd4 Rxd4 33. Rc8 Re4 34. Bb5 Kf8 35. Bc6 bxc6 36. b7 Rb4 37. b8Q Rxb8 38. Rxb8 Ke7 39. Rb4 c5 40. Re4+ Kd8 41. Re5 c4 42. Rc5 Ke7 43. Rxc4 Kd6 44. Re4 Bc6 45. Rg4 Ke5 46. Rxg7 Kxf5 47. Rxf7+ Kg5 48. Rc7 Be8 49. Rc4 h5 50. Kf2 Kg6 51. Kg3 Kg5 52. Rc5+ Kg6 53. Kf4 Kf6 54. Ra5 Kg6 55. Ra6+ 1-0

[Event "GER-ch op (Women) 20th"]
[White "Hergenroeder, Cora"]
[Black "Ulrich, Helena Irene"]
[Site "Erlangen"]
[Round "7"]
[Result "1-0"]
[Date "2020.10.04"]
[WhiteElo "1293"]
[BlackElo "1610"]
[PlyCount "49"]
[EventDate "2020.10.01"]
[EventType "swiss"]
[EventRounds "7"]
[EventCountry "GER"]
[SourceTitle "EXT 2022"]
[Source "ChessBase"]
[SourceDate "2021.10.06"]
[SourceVersion "1"]
[SourceVersionDate "2021.10.06"]
[SourceQuality "1"]

1. e4 c5 2. Nf3 Nc6 3. Bb5 g6 4. d3 Bg7 5. 0-0 e6 6. Bxc6 dxc6 7. Nc3 Ne7 8. Be3 b6 9. Qd2 0-0 10. Bh6 Qc7 11. Qe3 Ba6 12. Bxg7 Kxg7 13. Rfe1 Rfd8 14. Rad1 e5 15. Ng5 Rd7 16. Qf3 Rf8 17. Qg3 Ng8 18. Re3 Nf6 19. Qh4 h6 20. Rh3 Rh8 21. Re1 Rdd8 22. Nf3 Bc8 23. Rg3 Nh5 24. Qxh5 Qe7 25. Qxe5+ 1-0

[Event "GER-ch op (Women) 20th"]
[White "Peglau, Sarah"]
[Black "Ulrich, Helena Irene"]
[Site "Erlangen"]
[Round "5"]
[Result "1/2-1/2"]
[Date "2020.10.03"]
[WhiteElo "1699"]
[BlackElo "1610"]
[PlyCount "95"]
[EventDate "2020.10.01"]
[EventType "swiss"]
[EventRounds "7"]
[EventCountry "GER"]
[SourceTitle "EXT 2022"]
[Source "ChessBase"]
[SourceDate "2021.10.06"]
[SourceVersion "1"]
[SourceVersionDate "2021.10.06"]
[SourceQuality "1"]

1. e4 c5 2. Nf3 Nc6 3. d4 cxd4 4. Nxd4 Nf6 5. Nc3 e5 6. Ndb5 d6 7. Bg5 a6 8. Na3 b5 9. Nd5 Be7 10. Bxf6 Bxf6 11. c3 0-0 12. Be2 Bg5 13. Nc2 f5 14. Bd3 Be6 15. a4 bxa4 16. Rxa4 a5 17. h4 Bh6 18. Nce3 fxe4 19. Bxe4 Bxe3 20. Nxe3 Rc8 21. Qh5 h6 22. Qg6 Qf6 23. Qxf6 Rxf6 24. Bxc6 Rxc6 25. Rxa5 Rf7 26. Ke2 Rb7 27. Nd1 Bb3 28. Ne3 Be6 29. Nd1 Bb3 30. g3 Bxd1+ 31. Rxd1 Rxb2+ 32. Rd2 Rxd2+ 33. Kxd2 Kf7 34. Kd3 Kf6 35. g4 Ke6 36. Ra7 Kf6 37. c4 Rc5 38. Rd7 Rc6 39. f3 Rb6 40. Ke4 Rc6 41. Kd5 Rc5+ 42. Kxd6 Rxc4 43. g5+ hxg5 44. hxg5+ Kxg5 45. Kxe5 g6 46. Rf7 Rc5+ 47. Ke4 Rc4+ 48. Ke5 1/2-1/2

[Event "GER-ch op (Women) 20th"]
[White "Lukas, Anne"]
[Black "Ulrich, Helena Irene"]
[Site "Erlangen"]
[Round "3"]
[Result "1-0"]
[Date "2020.10.02"]
[WhiteElo "1902"]
[BlackElo "1610"]
[PlyCount "45"]
[EventDate "2020.10.01"]
[EventType "swiss"]
[EventRounds "7"]
[EventCountry "GER"]
[SourceTitle "EXT 2022"]
[Source "ChessBase"]
[SourceDate "2021.10.06"]
[SourceVersion "1"]
[SourceVersionDate "2021.10.06"]
[SourceQuality "1"]

1. g3 Nf6 2. Bg2 g6 3. b3 Bg7 4. Bb2 0-0 5. c4 c5 6. Nf3 d6 7. d4 e6 8. 0-0 Nc6 9. e3 Qc7 10. Nc3 b6 11. Nb5 Qd7 12. dxc5 bxc5 13. Qxd6 Qxd6 14. Nxd6 Nd7 15. Bxg7 Kxg7 16. Ng5 Ndb8 17. Ngxf7 Rxf7 18. Nxc8 Rc7 19. Nd6 Nd7 20. Nb5 Rcc8 21. Rad1 Nde5 22. f4 Nf7 23. Rd7 1-0

[Event "GER-ch op (Women) 20th"]
[White "Ulrich, Helena Irene"]
[Black "Peglau, Adelheid"]
[Site "Erlangen"]
[Round "2"]
[Result "1-0"]
[Date "2020.10.02"]
[WhiteElo "1610"]
[BlackElo "1246"]
[PlyCount "51"]
[EventDate "2020.10.01"]
[EventType "swiss"]
[EventRounds "7"]
[EventCountry "GER"]
[SourceTitle "EXT 2022"]
[Source "ChessBase"]
[SourceDate "2021.10.06"]
[SourceVersion "1"]
[SourceVersionDate "2021.10.06"]
[SourceQuality "1"]

1. e4 c6 2. d4 d5 3. Nc3 dxe4 4. Nxe4 Bf5 5. Ng3 Bg6 6. Nf3 Nd7 7. Bf4 e6 8. Bd3 Ne7 9. Bxg6 Nxg6 10. Qd2 Nf6 11. Ne5 Bd6 12. Nxg6 hxg6 13. Bg5 Bxg3 14. fxg3 Ne4 15. Bxd8 Nxd2 16. Kxd2 Rxd8 17. Ke3 Ke7 18. h4 Rd5 19. g4 e5 20. dxe5 Rxe5+ 21. Kf3 Rd8 22. Rhe1 Kf6 23. Rxe5 Kxe5 24. Re1+ Kf6 25. g5+ Kf5 26. g4# 1-0

[Event "GER-chT School WK Girls"]
[White "Ulrich, Helena Irene"]
[Black "Grundmann, Paula"]
[Site "Playchess.com INT"]
[Round "4.2"]
[Result "1-0"]
[Date "2020.06.17"]
[WhiteElo "1751"]
[BlackElo "1620"]
[PlyCount "45"]
[EventDate "2020.06.10"]
[EventType "team-swiss (blitz)"]
[EventRounds "7"]
[EventCountry "GER"]
[SourceTitle "EXT 2021"]
[Source "ChessBase"]
[SourceDate "2020.10.23"]
[SourceVersion "1"]
[SourceVersionDate "2020.10.23"]
[SourceQuality "1"]
[WhiteTeam "Erfurt Alb Schweitzer Gymn"]
[BlackTeam "Rostock Ecolea"]
[WhiteTeamCountry "GER"]
[BlackTeamCountry "GER"]

1. e4 e5 2. Nf3 Nc6 3. d4 exd4 4. Nxd4 Nxd4 5. Qxd4 Nf6 6. Nc3 Bc5 7. Qxc5 d6 8. Qd4 0-0 9. Bc4 h6 10. Be3 Bg4 11. f3 Bd7 12. 0-0-0 Bc6 13. g4 a6 14. g5 hxg5 15. Bxg5 b5 16. Be2 Bb7 17. Rhg1 Qe7 18. Bxf6 Qe8 19. Rxg7+ Kh8 20. Rxf7+ Kg8 21. Rxc7 Rb8 22. Rg1+ Qg6 23. Rxg6# 1-0

[Event "GER-chT School WK Girls"]
[White "Ulrich, Helena Irene"]
[Black "Zeisler, Sarah"]
[Site "Playchess.com INT"]
[Round "7.2"]
[Result "1-0"]
[Date "2020.06.17"]
[WhiteElo "1751"]
[BlackElo "1798"]
[PlyCount "78"]
[EventDate "2020.06.10"]
[EventType "team-swiss (blitz)"]
[EventRounds "7"]
[EventCountry "GER"]
[SourceTitle "EXT 2021"]
[Source "ChessBase"]
[SourceDate "2020.10.23"]
[SourceVersion "1"]
[SourceVersionDate "2020.10.23"]
[SourceQuality "1"]
[WhiteTeam "Erfurt Alb Schweitzer Gymn"]
[BlackTeam "Fuerth HBS"]
[WhiteTeamCountry "GER"]
[BlackTeamCountry "GER"]

1. e4 e5 2. Nf3 Nc6 3. d4 Bd6 4. Be3 Nf6 5. Nc3 Bb4 6. dxe5 Nxe4 7. Bd2 Nxd2 8. Qxd2 Qe7 9. Qe3 0-0 10. 0-0-0 Bxc3 11. Qxc3 Qe6 12. Bc4 Qh6+ 13. Kb1 Qg6 14. Rhg1 Rd8 15. g4 d6 16. g5 Be6 17. exd6 cxd6 18. h4 Bxc4 19. Qxc4 Rac8 20. Qe2 Nb4 21. Nd4 Re8 22. Qd2 Na6 23. f4 Qe4 24. h5 b6 25. f5 g6 26. hxg6 fxg6 27. f6 Qd5 28. Qh2 Nb4 29. Nb3 Rc7 30. Rxd5 Nxd5 31. Qxd6 Rec8 32. Qxd5+ Rf7 33. Re1 a6 34. Re7 Rcf8 35. Nd4 b5 36. Nc6 a5 37. Nd8 Rxd8 38. Qxd8+ Rf8 39. Rg7+ Kh8 1-0

[Event "GER-chT Lands U20"]
[White "Lorenz, Veronika"]
[Black "Ulrich, Helena Irene"]
[Site "Wuerzburg"]
[Round "1.1"]
[Result "1/2-1/2"]
[Date "2019.10.02"]
[WhiteElo "1237"]
[BlackElo "1355"]
[PlyCount "100"]
[EventDate "2019.10.01"]
[EventType "team-swiss"]
[EventRounds "7"]
[EventCountry "GER"]
[SourceTitle "EXT 2020"]
[Source "ChessBase"]
[SourceDate "2019.10.17"]
[SourceVersion "1"]
[SourceVersionDate "2019.10.17"]
[SourceQuality "1"]
[WhiteTeam "Berlin"]
[BlackTeam "Thueringen"]
[WhiteTeamCountry "GER"]
[BlackTeamCountry "GER"]

1. e4 c5 2. Nf3 Nc6 3. d4 cxd4 4. Nxd4 Nf6 5. Nc3 e5 6. Ndb5 d6 7. Nd5 Nxd5 8. exd5 Ne7 9. c4 Ng6 10. Bd3 Be7 11. 0-0 0-0 12. Bd2 a6 13. Nc3 f5 14. Qe2 Bg5 15. Bxg5 Qxg5 16. Rfd1 Nf4 17. Qf1 Rf6 18. Ne2 Nxe2+ 19. Bxe2 f4 20. Bf3 Bf5 21. Re1 Re8 22. Be4 Bh3 23. Kh1 Bf5 24. Rac1 Rc8 25. Rc3 Rff8 26. Qe2 Rc7 27. Bxf5 Qxf5 28. Rf3 Qg6 29. Qe4 Qxe4 30. Rxe4 b5 31. b3 Rfc8 32. Rc3 bxc4 33. Rcxc4 Rxc4 34. Rxc4 Rxc4 35. bxc4 Kf8 36. Kg1 Ke7 37. Kf1 Kf6 38. Ke2 e4 39. g3 g5 40. Kd2 Kf5 41. h3 Ke5 42. gxf4+ gxf4 43. Kc3 e3 44. fxe3 fxe3 45. Kd3 Kf4 46. Ke2 Ke4 47. c5 Kxd5 48. cxd6 Kxd6 49. Kxe3 Ke5 50. h4 h5 1/2-1/2